Statistics for Top 10 Non-English Languages Spoken in Georgia

Click here to take the quiz!

General Stats

  • This quiz has been taken 74 times
  • The average score is 7 of 10

Answer Stats

%Language% Correct
7.42Spanish
100%
0.42French
94%
0.38Chinese
88%
0.29German
86%
0.16Portuguese
80%
0.51Korean
78%
0.23Hindi
69%
0.44Vietnamese
69%
0.16French Creole
42%
0.18Gujarati
20%

Score Distribution

Percentile by Number Answered

Percent of People with Each Score

Your Score History

You have not taken this quiz